000 02118cam a2200397 a 4500
999 _c77103
_d314380
001 592450910
003 OCoLC
005 20190731120148.0
007 cr mnu
008 100325s2011 nyua b 001 0 eng
010 _a2010011952
020 _a9780071627085 (alk. paper)
020 _a0071627081 (alk. paper)
035 _a(OCoLC)592450910
040 _aDNLM/DLC
_cDLC
_dYDX
_dNLM
_dYDXCP
_dMXC
042 _apcc
050 0 0 _aRC78
_b.B34 2011
060 0 0 _a2010 J-997
060 1 0 _aWN 180
_bB311 2011
082 0 0 _a616.0754
_222
_bBAR
245 0 0 _aBasic radiology /
_ceditors, Michael Y. M. Chen, Thomas L. Pope, David J. Ott
250 _a2nd ed
260 _aNew York :
_bMcGraw Hill Medical,
_cc2011
300 _aix, 396 p. :
_bill. ;
_c24 cm
504 _aIncludes bibliographical references and index
505 0 _aScope of diagnostic imaging / Michael Y. M. Chen, Christopher T. Whitlow -- The physical basis of diagnostic imaging / Robert L. Dixon, Christopher T. Whitlow -- Imaging of the heart and great vessels / James G. Ravenel -- Radiology of the chest / Caroline Chiles, Shannon M. Gulla -- Radiology of the breast / Rita I. Freimanis, Joseph S. Ayoub -- Musculoskeletal imaging / Tamara Miner Haygood, Mohamed M.H. Sayyouh -- Imaging of joints / Paul L. Wasserman, Thomas L. Pope -- Plain film of the abdomen / Michael Y. M. Chen -- Radiology of the urinary tract / Jud R. Gash, Jacob Noe -- Gastrointestinal tract / David J. Ott -- Liver, biliary tract, and pancreas / Melanie P. Caserta, Fakhra Chaudhry, Robert E. Bechtold -- Brain and its coverings / Michael E. Zapadka, Michelle S. Bradbury, Daniel W. Williams III -- Imaging of the spine / Nandita Guha-Thakurta, Lawrence E. Ginsberg
530 _aAlso available online
650 0 _aRadiography, Medical
_973947
650 0 _aDiagnostic imaging
_973948
650 1 2 _aDiagnostic Imaging
_xmethods
_973949
700 1 _aChen, Michael Y. M
_973950
700 1 _aPope, Thomas Lee,
_cJr
_973951
700 1 _aOtt, David J.
_q(David James),
_d1946-
_973952
730 1 _aAccessMedicine
_5OCU
_973953
942 _2ddc
_cBOOK